Một số phương thức bồi dưỡng hứng thú học tập môn Toán cho học sinh THCS trong dạy học khám phá Toán 8 Luận văn thạc sĩ Khoa học giáo dục. Chuyên ngành: Lí luận và phương pháp dạy học bộ môn toán. Mã số: 60 14 01 11

Đã lưu trong:
書目詳細資料
主要作者: Lại, Thị Thùy Linh
其他作者: Phan, Anh Tài (hướng dẫn)
格式: 工具包 圖書
語言:Vietnamese
出版: Đồng Tháp Đại học Đồng Tháp 2017
主題:
標簽: 添加標簽
沒有標簽, 成為第一個標記此記錄!
Thư viện lưu trữ: Trung tâm Học liệu Lê Vũ Hùng, Trường Đại học Đồng Tháp
LEADER 01236ppm a22002538a 4500
001 00040561
005 20180614150640.0
008 150323s2014 ||||||viesd
041 0 # |a vie 
082 1 4 |a 510.7  |b M458S 
100 1 # |a Lại, Thị Thùy Linh 
245 0 0 |a Một số phương thức bồi dưỡng hứng thú học tập môn Toán cho học sinh THCS trong dạy học khám phá Toán 8  |b Luận văn thạc sĩ Khoa học giáo dục. Chuyên ngành: Lí luận và phương pháp dạy học bộ môn toán. Mã số: 60 14 01 11  |c Lại Thị Thùy Linh; Phan Anh Tài (hướng dẫn) 
260 # # |a Đồng Tháp  |b Đại học Đồng Tháp  |c 2017 
300 # # |a 179 tr. +phụ lục  |c 30cm.  |e 1 bản tóm tắt 
500 # # |a ĐTTTS ghi: Bộ giáo dục và đào tạo. Trường Đại học Đồng tháp 
653 # # |a Bồi dưỡng 
653 # # |a THCS 
653 # # |a Lớp 8 
653 # # |a Giáo dục 
653 # # |a Luận Văn 
700 1 # |a Phan, Anh Tài  |e hướng dẫn 
852 # # |j LV.0001320  |j LV.0001639 
910 |d 08/12/2017 
980 # # |a Trung tâm Học liệu Lê Vũ Hùng, Trường Đại học Đồng Tháp